LEADER 02196nam a2200277 i 4500 001 000000050303 003 CaOOAMICUS 005 20220712115041.0 008 121227s1607 it u000 u lat u 013 $a21474 026 $ai-s- a.a- n-q. esmi (3) 1607 (R) 040 $aSeMil$bita 100 1 $aSayer, Gregory,$c.$0(OLS)http://semarc/name/90607 245 10$aClavis regia sacerdotum casuum conscientiae, sive theologiae moralis thesauri locos omnes aperiens, in quibus praecipuae canonistarum et summistarum difficultates ad communem praxim pertinentes, doctissime deciduntur, & copiosissime explicantur ... In duodecim libros dispertitum ... In hac secunda editione a multis, & quidem notabilibus mendis expurgatum ... Authore R. P. D. Gregorio Sayro... Cum quintuplici indice .. 260 $aVenetiis :$bApud Baretium Baretium Bibliopolam. Ad signum Beatae Mariae Virginis,$c1607. 300 $a[88], 564, [4], 565-1128 p. ;$cfol. 500 $aIl front. della pt. 1 stampato in rosso e nero. - Iniziali xilogr. ornate 500 $aMarca editoriale: Una vipera si erge dalle fiamme per mordere la mano di san Paolo. In una cornice figurata. Motto: Si Deus pro nobis quis contra nos. (O79) Sui front. 500 $aIl fasc. 3a contiene front. e prefazione del tipografo. della pt. 2 500 $aSegn.: a8 ?6 2a6 b-e6 A-3B6 3a2 3C-5B6 710 0 $aBarezzi, Barezzo,$c.$0(OLS)http://semarc/name/4462 850 $aSeMil 852 $aSeMil$W1$xVenegono$y1$m2E V 41 FA$j16458$B16458$CSeMilBibl$Z2$F16458 $8I 996 $6245$aClavis regia sacerdotum casuum conscientiae, sive theologiae moralis thesauri locos omnes aperiens, in quibus praecipuae canonistarum et summistarum difficultates ad communem praxim pertinentes, doctissime deciduntur, & copiosissime explicantur ... In duodecim libros dispertitum ... In hac secunda editione a multis, & quidem notabilibus mendis expurgatum ... Authore R. P. D. Gregorio Sayro... Cum quintuplici indice ..$9(OLS)http://semarc/title/76792 996 $6260$aVenetiis :$bApud Baretium Baretium Bibliopolam. Ad signum Beatae Mariae Virginis$9(OLS)http://semarc/publisher/41225 LEADER 01348nam a2200229 i 4500 001 000000231496 003 CaOOAMICUS 005 20140731000000.0 008 140731s1772 it u000 u eng u 013 $a210399 026 $ay-ed 8.ar *-es to** (3) 1772 (R). [*= caratteri greci] 040 $aSeMil$bita 245 10$aConjectures on the New Testament, collected from various authors, as well in regard to words as pointing: with the reasons on which both are founded. 260 $aLondon :$bPrinted for W. Bowyer and J. Nichols, at Cicero's Head, Red-Lion-Passage, Fleet-Street,$c1772. 300 $axlvi [i.e.xlviii], 386 p) ;$c8°. 500 $aRipetute nella num. le pp. xxxix, xl. 650 4$aBibbia. Nuovo Testamento - Analisi narrativa e linguistica.$0(OLS)http://semarc/subject/4511 700 1 $aBowyer, William$b<1.,$cEditore,$d1699-1777>.$0(OLS)http://semarc/name/13930 850 $aSeMil 852 $aSeMil$W1$xVenegono$y1$m2W II 67 FA$j181842$B181842$CSeMilBibl$Z2$F192675 $8I 996 $6245$aConjectures on the New Testament, collected from various authors, as well in regard to words as pointing: with the reasons on which both are founded$9(OLS)http://semarc/title/330572 996 $6260$aLondon :$bPrinted for W. Bowyer and J. Nichols, at Cicero's Head, Red-Lion-Passage, Fleet-Street$9(OLS)http://semarc/publisher/53895